| 000 | 00683nam a2200241Ia 4500 | ||
|---|---|---|---|
| 008 | 170203s9999 xx 000 0 und d | ||
| 020 | _a0-435271903 | ||
| 050 | _aFic | ||
| 050 | _bS545f | ||
| 100 | _aTarner, Margaret. | ||
| 245 | _aFrankenstein / | ||
| 245 | _cMary Shelley ; retold by Margaret Tarner ; illustrated by Victor Ambrus. | ||
| 260 | _aOxford ; Portsmouth, NH : | ||
| 260 | _bHeinemann, | ||
| 260 | _c©1992. | ||
| 300 | _a63 pages : | ||
| 300 | _billustrations ; | ||
| 300 | _c20 cm. | ||
| 440 | _aHeinemann guided readers. | ||
| 650 | _aEnglish language -- | ||
| 650 | _aReaders for new literates. | ||
| 650 | _xTextbooks for foreign speakers. | ||
| 999 |
_c306492 _d306492 |
||